Statistics for Avengers: Age of Ultron (2015) character screen time

Click here to take the quiz!

General Stats

  • This quiz has been taken 73 times
  • The average score is 15 of 24

Answer Stats

screen timeAnswer% Correct
20:00Dr. Bruce Banner
98%
21:45Steve Rogers
98%
17:00Ultron
98%
12:00Wanda Maximoff
98%
27:15Tony Stark
97%
18:00Natasha Romanoff
95%
10:00Pietro Maximoff
95%
13:15Thor
95%
15:00Clint Barton
93%
3:00Nick Fury
88%
3:00Maria Hill
78%
6:15Vision
78%
2:30Col. James "Rhodey" Rhodes
63%
:45Sam Wilson
60%
3:45Laura Barton
38%
3:15Dr. Helen Cho
37%
:30Heimdall
33%
:15Thanos
33%
2:45Ulysses Klauë
27%
:15Peggy Carter
25%
1:00Dr. Erik Selvig
23%
1:30Baron Wolfgang von Strucker
18%
:30Dr. List
17%
:30Cameron Klein
7%

Score Distribution

Percentile by Number Answered

Percent of People with Each Score

Your Score History

You have not taken this quiz